[Event "Lichtenberger Sommer 2018"]
[Site "?"]
[Date "2018.08.23"]
[Round "6.48"]
[White "Franke, Lukas"]
[Black "Bartoszewski-Reiski, Olaf"]
[Result "0-1"]
[WhiteElo "1287"]
[BlackElo "1873"]
[PlyCount "112"]
[EventDate "2018.??.??"]
[WhiteTeam "Königsjäger Süd-West"]
[BlackTeam "Korona Gdansk"]

1. d4 Nf6 2. Bf4 c5 3. e3 g6 4. c3 Bg7 5. Nf3 b6 6. Bd3 Bb7 7. Nbd2 O-O 8. O-O
d6 9. Qc2 Nbd7 10. Rfe1 Re8 11. Rac1 e5 12. Bg5 Qc7 13. dxe5 dxe5 14. e4 a6 15.
b4 b5 16. c4 cxb4 17. cxb5 Qb8 18. Qb1 a5 19. h3 Nb6 20. Be3 Na4 21. Qb3 Nc3
22. Bc4 Qc7 23. Ng5 Rf8 24. a3 Qe7 25. Rxc3 bxc3 26. Qxc3 Nd7 27. Ngf3 Rfc8 28.
Qb3 Nc5 29. Qa2 h6 30. Nh2 Nxe4 31. Nxe4 Bxe4 32. Ng4 Kh7 33. Bxh6 f5 34. Bc1
Bb1 35. Qxb1 Rxc4 36. Qb3 Rac8 37. Bd2 fxg4 38. Bxa5 Rc1 39. hxg4 Rxe1+ 40.
Bxe1 Rc1 41. Kf1 Qh4 42. Qh3 Qxh3 43. gxh3 Bf8 44. Ke2 Bxa3 45. b6 Rb1 46. Ba5
Bc5 47. Bc3 Bd4 48. Bxd4 exd4 49. Kd3 Rxb6 50. Kxd4 Rb3 51. h4 Rh3 52. h5 gxh5
53. gxh5 Rxh5 54. Ke4 Kg6 55. Kf4 Ra5 56. Ke4 Kf6 0-1

[Event "Lichtenberger Sommer 2018"]
[Site "?"]
[Date "2018.08.23"]
[Round "6.49"]
[White "Silz, Elisa"]
[Black "Kapp, Frank"]
[Result "1-0"]
[WhiteElo "2002"]
[BlackElo "1874"]
[PlyCount "147"]
[EventDate "2018.??.??"]
[WhiteTeam "SV Empor Berlin"]
[BlackTeam "TSV IFA Chemnitz"]

1. d4 e6 2. c4 f5 3. g3 d5 4. Bg2 c6 5. Nd2 Bd6 6. Nh3 Nf6 7. Qc2 O-O 8. O-O
Nbd7 9. Nf3 Ne4 10. Bf4 Qc7 11. c5 Bxf4 12. Nxf4 Re8 13. Nd3 b6 14. b4 Ba6 15.
Nfe5 bxc5 16. Nxd7 Qxd7 17. Ne5 Qc7 18. bxc5 Rab8 19. Rfb1 Nf6 20. Rxb8 Rxb8
21. Bf1 Nd7 22. Nf3 Qb7 23. Qb3 Bc4 24. Qe3 Nf8 25. Nd2 Qa6 26. Nxc4 Qxc4 27.
Qd2 Qb4 28. Rd1 a5 29. Qxb4 Rxb4 30. e3 Rb2 31. a3 g5 32. h3 Nd7 33. Bd3 h6 34.
Rb1 Rxb1+ 35. Bxb1 Kf7 36. Kg2 Kf6 37. f4 gxf4 38. exf4 Kf7 39. Bd3 Nf6 40. Kf3
h5 41. Ba6 Ke7 42. Be2 Kf7 43. Ke3 Ke7 44. Kd3 Ne4 45. Bxh5 Nxg3 46. Bf3 Ne4
47. Bg2 Kf6 48. Ke3 Nc3 49. Bf1 Nb1 50. a4 Nc3 51. Ba6 Ke7 52. Bb7 Kd7 53. h4
Ne4 54. Ba6 Ke7 55. h5 Nf6 56. Be2 Kf7 57. Ba6 Ke7 58. Be2 Kf7 59. Kf2 Ng8 60.
Kg3 Nf6 61. Kh4 Ne4 62. Ba6 Nc3 63. Bb7 Ne2 64. Bxc6 Nxd4 65. Bb7 Nf3+ 66. Kg3
Nd2 67. c6 Ne4+ 68. Kf3 Kf6 69. c7 Nd6 70. c8=Q Nxc8 71. Bxc8 e5 72. fxe5+ Kxe5
73. h6 Kf6 74. h7 1-0

[Event "Lichtenberger Sommer 2018"]
[Site "?"]
[Date "2018.08.23"]
[Round "6.50"]
[White "Heppert, Lars"]
[Black "Kautz, Stefan"]
[Result "1-0"]
[WhiteElo "1925"]
[BlackElo "1894"]
[PlyCount "55"]
[EventDate "2018.??.??"]
[WhiteTeam "SK Neuburg"]
[BlackTeam "SC Empor Maulwurf Bonn"]

1. c4 b6 2. g3 Bb7 3. Nf3 Nf6 4. Bg2 c5 5. d4 cxd4 6. O-O g6 7. Nxd4 Bxg2 8.
Kxg2 Bg7 9. Nc3 Qc8 10. Bf4 O-O 11. Rc1 d6 12. Nd5 Qb7 13. Nb5 Na6 14. f3 Nxd5
15. cxd5 Bxb2 16. Rc2 Bf6 17. Qd2 Rfc8 18. Rfc1 Rc5 19. Rxc5 bxc5 20. Rb1 Rb8
21. Qa5 Nb4 22. Nxd6 Qxd5 23. Nxf7 Rb7 24. Nh6+ Kg7 25. Ng4 Bc3 26. Rb3 Nxa2
27. Rxc3 Nxc3 28. Qxc3+ 1-0

[Event "Lichtenberger Sommer 2018"]
[Site "?"]
[Date "2018.08.23"]
[Round "6.51"]
[White "Lange, Cecilia"]
[Black "Schindler, Rudolf"]
[Result "1-0"]
[WhiteElo "1959"]
[BlackElo "1835"]
[PlyCount "65"]
[EventDate "2018.??.??"]
[WhiteTeam "TSG Oberschöneweide"]
[BlackTeam "Lasker Steglitz-Wilmersdorf"]

1. e4 d6 2. d4 Nf6 3. Nc3 e5 4. Nf3 Nbd7 5. Bc4 Be7 6. O-O O-O 7. Re1 c6 8. a4
a5 9. h3 exd4 10. Qxd4 Nb6 11. Bb3 Nfd7 12. Bf4 Nc5 13. Rad1 Nxb3 14. cxb3 Be6
15. Nd2 d5 16. exd5 Nxd5 17. Nxd5 Bxd5 18. Nc4 Bf6 19. Qe3 Ra6 20. Bd6 Bg5 21.
Qg3 Bh4 22. Qe3 Bg5 23. f4 Bh4 24. Bxf8 Qxf8 25. Re2 Bd8 26. Qe8 g6 27. Qd7 Kg7
28. Kh1 Bf6 29. Nd6 Qd8 30. Ne8+ Kg8 31. Nxf6+ Qxf6 32. Qxb7 Bxb3 33. Qxb3 1-0

[Event "Lichtenberger Sommer 2018"]
[Site "?"]
[Date "2018.08.23"]
[Round "6.52"]
[White "Bode, Jan-Michael"]
[Black "Jecht, Christian"]
[Result "0-1"]
[WhiteElo "1874"]
[BlackElo "1914"]
[PlyCount "88"]
[EventDate "2018.??.??"]
[WhiteTeam "SW Lichtenrade"]
[BlackTeam "SC Bavaria Regensburg von 1881"]

1. d4 Nf6 2. Bf4 d5 3. e3 e6 4. Nf3 Nc6 5. c3 Bd6 6. Ne5 O-O 7. Nd2 Nd7 8. Nxc6
bxc6 9. Bg3 c5 10. Bd3 Re8 11. f4 f5 12. Nf3 Nf6 13. Bh4 cxd4 14. Nxd4 c5 15.
Nf3 Be7 16. Ne5 Qb6 17. Qd2 Ne4 18. Bxe4 Bxh4+ 19. g3 Bf6 20. Bf3 Bxe5 21. fxe5
Rb8 22. Rb1 Qc7 23. O-O Ba6 24. Rfd1 Qxe5 25. b3 Red8 26. Kf2 Rd6 27. c4 d4 28.
exd4 Qxd4+ 29. Qxd4 Rxd4 30. Rxd4 cxd4 31. Re1 Bc8 32. Re5 Kf7 33. Rc5 a6 34.
Rc7+ Kf6 35. c5 e5 36. Rc6+ Ke7 37. Rb6 Rxb6 38. cxb6 e4 39. Bd1 Kd6 40. b4 Kc6
41. Bb3 Kxb6 42. Bd5 Kb5 43. g4 Kxb4 44. g5 Kc3 0-1

[Event "Lichtenberger Sommer 2018"]
[Site "?"]
[Date "2018.08.23"]
[Round "6.53"]
[White "Grillich, Alexander"]
[Black "Schulz-Runge, Michael"]
[Result "1-0"]
[WhiteElo "1941"]
[BlackElo "1758"]
[PlyCount "69"]
[EventDate "2018.??.??"]
[WhiteTeam "SC Rochade (Berlin)"]
[BlackTeam "FS Dortmund"]

1. e4 e5 2. Nf3 d5 3. exd5 Bd6 4. Bb5+ Bd7 5. Qe2 a6 6. Bc4 Qe7 7. Nc3 f5 8. d3
b5 9. Bb3 b4 10. Bg5 Nf6 11. Nd1 O-O 12. Ne3 a5 13. c3 h6 14. Bxf6 Qxf6 15. O-O
e4 16. Nd4 bxc3 17. bxc3 Qe5 18. g3 f4 19. Nc4 Qf6 20. dxe4 f3 21. Qe3 Bc5 22.
e5 Qg6 23. Nd2 Bg4 24. Qe4 Qxe4 25. Nxe4 Bb6 26. Rfe1 a4 27. Bc4 Na6 28. e6 Nb4
29. Rac1 Bxd4 30. cxd4 Rfe8 31. Nc5 c6 32. d6 Nd5 33. d7 Re7 34. Bxd5 cxd5 35.
Nb7 1-0

[Event "Lichtenberger Sommer 2018"]
[Site "?"]
[Date "2018.08.23"]
[Round "6.54"]
[White "Kievelitz, Bernd"]
[Black "Timm, Christian"]
[Result "1-0"]
[WhiteElo "1868"]
[BlackElo "1651"]
[PlyCount "51"]
[EventDate "2018.??.??"]
[WhiteTeam "SC Zitadelle Spandau"]
[BlackTeam "König Springer Herzberg"]

1. Nf3 e6 2. c4 b6 3. g3 Bb7 4. Bg2 Be7 5. O-O Nf6 6. Nc3 O-O 7. Qc2 d6 8. d4
Nbd7 9. e4 Rb8 10. Re1 c5 11. d5 a6 12. dxe6 fxe6 13. Ng5 Rf7 14. Nxe6 Qe8 15.
Nd5 Nxd5 16. exd5 Ne5 17. f4 Ng6 18. Bd2 b5 19. Ng5 Rf8 20. Re2 bxc4 21. Rae1
Qb5 22. Nxh7 Kxh7 23. Rxe7 Rbe8 24. Bc3 Rxe7 25. Rxe7 Re8 26. Rxg7+ 1-0

[Event "Lichtenberger Sommer 2018"]
[Site "?"]
[Date "2018.08.23"]
[Round "6.55"]
[White "Wolff, Marie Antoinette"]
[Black "Guder, Sibylle"]
[Result "0-1"]
[WhiteElo "1780"]
[BlackElo "1794"]
[PlyCount "60"]
[EventDate "2018.??.??"]
[WhiteTeam "Leegebrucher SF"]
[BlackTeam "SF 1903 Berlin"]

1. d4 d5 2. c4 e6 3. Nc3 Nf6 4. e3 b6 5. Nf3 Bd6 6. Bd2 O-O 7. Bd3 Bb7 8. Qc2
dxc4 9. Bxc4 c5 10. O-O-O a6 11. Ng5 Qe7 12. h4 Nbd7 13. f3 Rac8 14. Bd3 h6 15.
Rh3 b5 16. g4 b4 17. Nce4 cxd4 18. Nxf6+ Nxf6 19. Bc4 Rxc4 20. Qxc4 Rc8 21.
Qxc8+ Bxc8 22. exd4 Bb7 23. Kb1 a5 24. Rg1 a4 25. b3 axb3 26. axb3 Bd5 27. Rc1
Qb7 28. Ne4 Nxe4 29. fxe4 Bxe4+ 30. Kb2 Qa7 0-1

[Event "Lichtenberger Sommer 2018"]
[Site "?"]
[Date "2018.08.23"]
[Round "6.57"]
[White "Hoffmann, Rainer"]
[Black "Becker, Werner"]
[Result "1/2-1/2"]
[WhiteElo "1950"]
[BlackElo "1689"]
[PlyCount "86"]
[EventDate "2018.??.??"]
[WhiteTeam "SV Oberkrämer"]
[BlackTeam "SV Königsee"]

1. c4 e5 2. Nc3 Nc6 3. g3 g6 4. Bg2 Bg7 5. e3 Nge7 6. Nge2 O-O 7. O-O d6 8. d3
Be6 9. Nd5 Qd7 10. Nec3 Nd8 11. Nxe7+ Qxe7 12. f4 c6 13. e4 f5 14. Bd2 Nf7 15.
Qc2 Rad8 16. Rae1 Qd7 17. Be3 exf4 18. gxf4 b6 19. b3 Rfe8 20. Kh1 Bxc3 21.
Qxc3 d5 22. Qc1 d4 23. Bf2 fxe4 24. dxe4 Bh3 25. Bg3 Nd6 26. Qc2 c5 27. f5 d3
28. Qd2 Bxg2+ 29. Qxg2 d2 30. Qxd2 Nxe4 31. Qxd7 Rxd7 32. fxg6 hxg6 33. Bf4
Nf2+ 34. Kg2 Rxe1 35. Rxe1 Nd3 36. Re4 Nxf4+ 37. Rxf4 Kg7 38. Rf2 Rf7 39. Rd2
Kf6 40. Kg3 Ke6 41. Kg4 Kf6 42. Rf2+ Kg7 43. Rxf7+ Kxf7 1/2-1/2

[Event "Lichtenberger Sommer 2018"]
[Site "?"]
[Date "2018.08.23"]
[Round "6.58"]
[White "Namestnikov, Boris"]
[Black "Murat, Abylay"]
[Result "1/2-1/2"]
[WhiteElo "1916"]
[BlackElo "1708"]
[PlyCount "92"]
[EventDate "2018.??.??"]
[WhiteTeam "SK Zehlendorf"]
[BlackTeam "SC Friesen Lichtenberg"]

1. e4 c5 2. Nf3 Nc6 3. Bb5 Nf6 4. Nc3 e6 5. Bxc6 bxc6 6. Qe2 Qc7 7. O-O Be7 8.
d3 O-O 9. Re1 Ba6 10. Bg5 d5 11. Rad1 Rab8 12. Rb1 d4 13. Na4 Ng4 14. Bxe7 Qxe7
15. b3 Nf6 16. Qd2 e5 17. Nh4 Bc8 18. Qg5 Rb7 19. Nf5 Bxf5 20. Qxf5 Ne8 21. f4
f6 22. Rf1 Nd6 23. Qh5 Nf7 24. f5 Rfb8 25. Rbe1 Rb5 26. h4 Nh6 27. Nb2 Qf7 28.
Qf3 Kf8 29. g4 Ke7 30. g5 Ng8 31. Nc4 h6 32. Rf2 Kd7 33. Rg2 Re8 34. Qg3 Re7
35. a4 Rb8 36. Ra1 Qe8 37. a5 Rb4 38. g6 Qb8 39. Rf2 Ke8 40. a6 Rd7 41. Na5 Ne7
42. Nb7 Rb5 43. Rff1 Nc8 44. Ra4 Nb6 45. Ra3 Qc7 46. Rfa1 Nc8 1/2-1/2

[Event "Lichtenberger Sommer 2018"]
[Site "?"]
[Date "2018.08.23"]
[Round "6.59"]
[White "Jugert, Ole"]
[Black "Fock, Amina"]
[Result "1-0"]
[WhiteElo "1650"]
[BlackElo "1824"]
[PlyCount "65"]
[EventDate "2018.??.??"]
[WhiteTeam "vereinslos"]
[BlackTeam "SC Zugzwang 95 (Berlin)"]

1. d4 f5 2. c4 Nf6 3. Nc3 g6 4. h4 Bg7 5. h5 Nxh5 6. e4 Nf6 7. e5 Ng8 8. Bd3 d6
9. Nf3 c5 10. exd6 Qxd6 11. Nb5 Qb6 12. Bf4 Na6 13. d5 Bd7 14. a4 Qa5+ 15. Kf1
Bxb2 16. Rb1 Bg7 17. Ng5 Nf6 18. d6 e6 19. Qe2 O-O 20. Qf3 Bc6 21. Qh3 Rfe8 22.
Be5 h5 23. Re1 Qd8 24. f4 Bxb5 25. axb5 Nb8 26. Be2 Ng4 27. Bxg7 Kxg7 28. Bf3
Qc8 29. Bxg4 fxg4 30. Qc3+ Kg8 31. Qf6 Qd7 32. Qxg6+ Qg7 33. Qxe8+ 1-0

[Event "Lichtenberger Sommer 2018"]
[Site "?"]
[Date "2018.08.23"]
[Round "6.60"]
[White "Schwager, Thomas"]
[Black "Schneider, Eckehard"]
[Result "1/2-1/2"]
[WhiteElo "1628"]
[BlackElo "1837"]
[PlyCount "45"]
[EventDate "2018.??.??"]
[WhiteTeam "SC Friesen Lichtenberg"]
[BlackTeam "SF 1903 Berlin"]

1. d4 Nf6 2. Bf4 d6 3. e3 g6 4. Nf3 Bg7 5. h3 O-O 6. Be2 c5 7. dxc5 Nh5 8. c3
Nxf4 9. exf4 dxc5 10. Qxd8 Rxd8 11. O-O a6 12. Na3 Be6 13. Bc4 Bxc4 14. Nxc4
Nd7 15. Rfd1 b5 16. Nce5 Nb6 17. Nc6 Re8 18. Kf1 e6 19. Nfe5 Rac8 20. Na5 Rcd8
21. Nec6 Rc8 22. g4 Nc4 23. Nxc4 1/2-1/2

[Event "Lichtenberger Sommer 2018"]
[Site "?"]
[Date "2018.08.23"]
[Round "6.61"]
[White "Zinnecker, Peter"]
[Black "Schulz, Olaf"]
[Result "0-1"]
[WhiteElo "1401"]
[BlackElo "2014"]
[PlyCount "62"]
[EventDate "2018.??.??"]
[WhiteTeam "SV Teutonia Coerde"]
[BlackTeam "vereinslos"]

1. c4 e6 2. g3 Nf6 3. Bg2 d5 4. Nf3 c5 5. O-O b6 6. b3 Bb7 7. Bb2 Bd6 8. e3 Nc6
9. d3 Qe7 10. Nbd2 O-O-O 11. Rc1 Kb8 12. a3 h5 13. Re1 h4 14. Nxh4 g5 15. cxd5
Ne5 16. Bxe5 gxh4 17. Bxf6 Qxf6 18. Qf3 Qh6 19. g4 h3 20. Bh1 Rhg8 21. Kf1 Bxd5
22. Ne4 Bxh2 23. Qe2 f5 24. Ng3 Bxg3 25. Bxd5 exd5 26. fxg3 h2 27. Kg2 fxg4 28.
Rh1 Qh3+ 29. Kf2 Rdf8+ 30. Ke1 Qxg3+ 31. Kd2 Rf2 0-1

[Event "Lichtenberger Sommer 2018"]
[Site "?"]
[Date "2018.08.23"]
[Round "6.62"]
[White "Roth, Joachim"]
[Black "Regel, Michael"]
[Result "0-1"]
[WhiteElo "1959"]
[BlackElo "1692"]
[PlyCount "80"]
[EventDate "2018.??.??"]
[WhiteTeam "SG Bund"]
[BlackTeam "SC Friesen Lichtenberg"]

1. d4 d5 2. Nf3 Nf6 3. e3 Bg4 4. c4 e6 5. Qb3 Qc8 6. Nc3 Bxf3 7. gxf3 c6 8. Bd2
Nbd7 9. Rc1 dxc4 10. Bxc4 Nb6 11. Bd3 Qd8 12. Ne2 Nfd7 13. e4 Rc8 14. Be3 e5
15. d5 cxd5 16. Rxc8 Qxc8 17. exd5 Bc5 18. O-O Bxe3 19. fxe3 Qc5 20. Be4 Nf6
21. Rc1 Qd6 22. Ng3 g6 23. Qb5+ Nfd7 24. Rd1 O-O 25. Bc2 f5 26. e4 f4 27. Nf1
Rc8 28. Bb3 Kh8 29. Qe2 Nc5 30. Bc4 Nxe4 31. fxe4 Rxc4 32. Rd2 Rc1 33. Kg2 Qf6
34. Qf3 Nc4 35. Re2 Qg5+ 36. Kh1 Kg7 37. Rg2 Qh4 38. Re2 Ne3 39. Rxe3 fxe3 40.
d6 Qf6 0-1

[Event "Lichtenberger Sommer 2018"]
[Site "?"]
[Date "2018.08.23"]
[Round "6.63"]
[White "Jimenez Jimenez, Darfo"]
[Black "Bollenbach, Horst"]
[Result "1-0"]
[WhiteElo "1778"]
[BlackElo "1736"]
[PlyCount "46"]
[EventDate "2018.??.??"]
[WhiteTeam "La corrala Lavapies"]
[BlackTeam "SC Friesen Lichtenberg"]

1. e4 c5 2. Nf3 Nc6 3. d4 cxd4 4. c3 d3 5. Bxd3 e6 6. O-O g6 7. Bg5 Be7 8. Bf4
g5 9. Be3 g4 10. Nd4 Ne5 11. f4 Nxd3 12. Qxd3 Bc5 13. Nd2 Nf6 14. Nf5 Bxe3+ 15.
Nxe3 h5 16. e5 Nd5 17. Nxd5 exd5 18. Qxd5 Qb6+ 19. Kh1 Qc6 20. Qd4 Rh6 21. Ne4
Ke7 22. Nd6 Rxd6 23. exd6+ Qxd6 1-0

[Event "Lichtenberger Sommer 2018"]
[Site "?"]
[Date "2018.08.23"]
[Round "6.64"]
[White "Kujawa, Werner"]
[Black "Spors, Carl Philip"]
[Result "0-1"]
[WhiteElo "1726"]
[BlackElo "1902"]
[PlyCount "58"]
[EventDate "2018.??.??"]
[WhiteTeam "SV Motor Wildau"]
[BlackTeam "Lasker Steglitz-Wilmersdorf"]

1. e4 c5 2. Nc3 a6 3. a4 e6 4. Nf3 d5 5. exd5 exd5 6. d4 Nf6 7. Bg5 cxd4 8.
Nxd4 Bb4 9. Qd3 O-O 10. Be2 Nc6 11. O-O Re8 12. Rfe1 Qd6 13. Bf1 Ne4 14. Nxc6
Qxc6 15. Nxd5 Bxe1 16. Rxe1 Bf5 17. Ne3 Bg6 18. Bf4 Nxf2 19. Qb3 Ng4 20. Bg3
Qc5 21. Bf4 Re4 22. Qxb7 Rae8 23. Qd7 Nxe3 24. Bd6 Qd5 25. Bd3 R4e6 26. Rxe3
Rxe3 27. Bxg6 Re1+ 28. Kf2 R8e2+ 29. Kg3 Qxg2+ 0-1

[Event "Lichtenberger Sommer 2018"]
[Site "?"]
[Date "2018.08.23"]
[Round "6.65"]
[White "Hesselbarth, Karlheinz"]
[Black "Otter, Nils"]
[Result "0-1"]
[WhiteElo "1723"]
[BlackElo "1723"]
[PlyCount "76"]
[EventDate "2018.??.??"]
[WhiteTeam "SC Zugzwang 95 (Berlin)"]
[BlackTeam "SC Kreuzberg"]

1. d4 Nf6 2. c4 e5 3. d5 Bc5 4. Nc3 d6 5. Nf3 O-O 6. e3 c6 7. Be2 a5 8. O-O Bf5
9. Bd2 Nbd7 10. Nh4 Bg6 11. Nxg6 hxg6 12. Rc1 Nh7 13. Bf3 Rc8 14. Qb3 Qc7 15.
Ne4 f5 16. Nxc5 Nxc5 17. Qa3 e4 18. Be2 a4 19. Bb4 cxd5 20. cxd5 b6 21. Bxc5
bxc5 22. Rc4 Nf6 23. Rxa4 Rb8 24. Ra7 Rb7 25. Rxb7 Qxb7 26. Bc4 Ng4 27. Qc3 Qe7
28. a4 Qh4 29. h3 Ne5 30. b4 g5 31. bxc5 g4 32. cxd6 Nf3+ 33. Kh1 g3 34. fxg3
Qxg3 35. Rxf3 exf3 36. Bf1 fxg2+ 37. Bxg2 f4 38. d7 f3 0-1

[Event "Lichtenberger Sommer 2018"]
[Site "?"]
[Date "2018.08.23"]
[Round "6.66"]
[White "Ziems, Michael"]
[Black "Zielke, Ansgar"]
[Result "1/2-1/2"]
[WhiteElo "1813"]
[BlackElo "1608"]
[PlyCount "78"]
[EventDate "2018.??.??"]
[WhiteTeam "SV Empor Berlin"]
[BlackTeam "Borussia Lichtenberg"]

1. d4 d5 2. c4 e6 3. Nc3 Nf6 4. Bf4 Be7 5. e3 O-O 6. Qc2 c5 7. Nf3 Nc6 8. a3 a6
9. dxc5 Bxc5 10. b4 Ba7 11. c5 Bb8 12. Bg5 h6 13. Bh4 Qe7 14. Be2 Rd8 15. Rd1
Bd7 16. O-O Ne5 17. Nd4 Ng6 18. Bg3 Bxg3 19. hxg3 a5 20. Ncb5 Bxb5 21. Nxb5 Ne8
22. Rb1 Ne5 23. Rfd1 Rac8 24. Qb2 Nc6 25. Bd3 Qf6 26. Qe2 d4 27. exd4 Nxd4 28.
Qe4 Nxb5 29. Bxb5 Qe7 30. Bxe8 Rxe8 31. Rd6 Red8 32. Rbd1 Rxd6 33. Rxd6 Rd8 34.
Rb6 axb4 35. axb4 Rd7 36. c6 bxc6 37. Qxc6 Qd8 38. Ra6 Rd1+ 39. Kh2 Rh1+
1/2-1/2

[Event "Lichtenberger Sommer 2018"]
[Site "?"]
[Date "2018.08.23"]
[Round "6.67"]
[White "Mayer, Herbert"]
[Black "Vesely, Martin"]
[Result "1-0"]
[WhiteElo "1840"]
[BlackElo "1703"]
[PlyCount "57"]
[EventDate "2018.??.??"]
[WhiteTeam "SC Rochade (Berlin)"]
[BlackTeam "SV Berlin-Friedrichstadt"]

1. f4 d5 2. Nf3 Nc6 3. e3 Nf6 4. b3 Bg4 5. Bb5 a6 6. Bxc6+ bxc6 7. Bb2 e6 8.
O-O Bc5 9. h3 Bh5 10. Qe1 Bxf3 11. Rxf3 O-O 12. d3 d4 13. e4 Be7 14. Qf2 Bc5
15. Nd2 Ne8 16. Rf1 f5 17. Kh1 Nf6 18. g4 fxg4 19. hxg4 Nxg4 20. Qg3 h5 21. e5
Be7 22. Ne4 a5 23. a4 Qd7 24. Qh3 g6 25. Rg1 Rf5 26. Ng3 Qd5 27. Nxf5 Nf2+ 28.
Kh2 Nxh3 29. Nxe7+ 1-0

[Event "Lichtenberger Sommer 2018"]
[Site "?"]
[Date "2018.08.23"]
[Round "6.68"]
[White "Morczynski, Joachim"]
[Black "Keusch, Horst"]
[Result "0-1"]
[WhiteElo "1583"]
[BlackElo "1932"]
[PlyCount "66"]
[EventDate "2018.??.??"]
[WhiteTeam "SK Zehlendorf"]
[BlackTeam "SC Friesen Lichtenberg"]

1. e4 g6 2. d4 c6 3. Nc3 d5 4. Nf3 Bg4 5. exd5 cxd5 6. h3 Bxf3 7. Qxf3 Nf6 8.
Bb5+ Nc6 9. Bg5 a6 10. Bxf6 exf6 11. Qxd5 axb5 12. O-O Be7 13. Qxb5 O-O 14. d5
Ne5 15. Rfd1 Qd7 16. Qb3 Rfc8 17. d6 Bd8 18. Re1 Kg7 19. Rad1 Nc6 20. Rd2 Ra5
21. Red1 Ne5 22. Nd5 Rb5 23. Qa4 Rxb2 24. Qxd7 Nxd7 25. c3 Rxd2 26. Rxd2 Rc6
27. c4 Rxd6 28. Rb2 Ne5 29. Ne3 b6 30. Rb5 Rc6 31. Rb4 Be7 32. Ra4 Bc5 33. Nc2
Rd6 0-1

[Event "Lichtenberger Sommer 2018"]
[Site "?"]
[Date "2018.08.23"]
[Round "6.69"]
[White "Gräbnitz, Marc-Florian"]
[Black "Matitschka, Johannes"]
[Result "0-1"]
[WhiteElo "1495"]
[BlackElo "1774"]
[PlyCount "58"]
[EventDate "2018.??.??"]
[WhiteTeam "SC Eintracht Berlin"]
[BlackTeam "TSG Oberschöneweide"]

1. d4 Nf6 2. Nf3 c5 3. c3 cxd4 4. cxd4 g6 5. Nc3 d5 6. Bf4 Bd7 7. e3 Bg7 8. Bd3
O-O 9. h3 Nc6 10. Ne5 e6 11. O-O Nh5 12. Nxc6 Bxc6 13. Bh2 Qd7 14. Qe2 a6 15.
Rfc1 Rfc8 16. Rc2 Bf8 17. Rac1 Nf6 18. a3 Ne8 19. Nb1 Ba4 20. Rc3 Bd6 21. Bxd6
Nxd6 22. Nd2 Rxc3 23. Rxc3 Rc8 24. Kh2 Rxc3 25. bxc3 Nb5 26. Nb1 Nxc3 27. Qb2
Nxb1 28. Qxb1 Qd6+ 29. g3 Qxa3 0-1

[Event "Lichtenberger Sommer 2018"]
[Site "?"]
[Date "2018.08.23"]
[Round "6.70"]
[White "Bastian, Reinhard"]
[Black "Plaza Reino, Mercedes"]
[Result "1-0"]
[WhiteElo "1667"]
[BlackElo "1701"]
[PlyCount "87"]
[EventDate "2018.??.??"]
[WhiteTeam "vereinslos"]
[BlackTeam "Enniscorthy Chess Club"]

1. e4 c5 2. Nc3 e6 3. f4 a6 4. Nf3 b5 5. g3 Bb7 6. d3 b4 7. Nb1 d5 8. Qe2 Be7
9. Bg2 Qc7 10. O-O dxe4 11. dxe4 Nf6 12. e5 Nd5 13. c4 bxc3 14. Nxc3 Nxc3 15.
bxc3 Nd7 16. c4 O-O 17. Be3 Rab8 18. Rfd1 Bc6 19. Rab1 Rb4 20. Bd2 Rb7 21. Be3
Rfb8 22. Qc2 Rb6 23. Nd2 Bxg2 24. Kxg2 Qb7+ 25. Kf2 Rb2 26. Rxb2 Qxb2 27. Rc1
g6 28. Nb3 Qa3 29. Rd1 Rb7 30. Rd2 Nb8 31. Qe4 Qb4 32. Kf3 Rc7 33. Qa8 Kg7 34.
Qe4 Nc6 35. g4 Na5 36. Nxa5 Qxa5 37. f5 Kg8 38. f6 Bf8 39. Rd8 Rb7 40. Rxf8+
Kxf8 41. Qxb7 Qd8 42. Qe7+ Qxe7 43. fxe7+ Kxe7 44. Bxc5+ 1-0

[Event "Lichtenberger Sommer 2018"]
[Site "?"]
[Date "2018.08.23"]
[Round "6.71"]
[White "Stein, Siegfried"]
[Black "Engesser, Philipp"]
[Result "1/2-1/2"]
[WhiteElo "1822"]
[BlackElo "1626"]
[PlyCount "140"]
[EventDate "2018.??.??"]
[WhiteTeam "SV Berolina Mitte"]
[BlackTeam "Esv Askoe Admira Villach"]

1. e4 e6 2. d4 d5 3. e5 c5 4. c3 Nc6 5. Nf3 Qb6 6. Bd3 cxd4 7. cxd4 Bd7 8. O-O
Nxd4 9. Nxd4 Qxd4 10. Nc3 a6 11. Qe2 Ne7 12. Be3 Qxe5 13. Kh1 d4 14. Bd2 Qxe2
15. Nxe2 Nc6 16. a3 a5 17. Rac1 Be7 18. Be4 e5 19. Ng3 g6 20. f4 f5 21. Bxc6
Bxc6 22. fxe5 Kf7 23. h3 Rac8 24. Kh2 Bd7 25. Rf4 Rxc1 26. Bxc1 Bg5 27. Rxd4
Bxc1 28. Rxd7+ Ke6 29. Rxb7 Bf4 30. Rb6+ Kxe5 31. Rb5+ Kd4 32. Rxa5 Ke3 33. Rc5
Rd8 34. Rc3+ Rd3 35. Rxd3+ Kxd3 36. h4 h5 37. Kh3 Kc4 38. Ne2 Be5 39. Nc3 Kb3
40. Nd5 Bd6 41. g3 Kxb2 42. a4 Kb3 43. a5 Kc4 44. a6 Bb8 45. Ne7 Kb5 46. Kg2
Kxa6 47. Nxg6 Kb5 48. Kf3 Kc5 49. Nf4 Kd6 50. Nxh5 Ke7 51. Nf4 Kf7 52. Ke3 Ba7+
53. Kf3 Bb8 54. Nd5 Kg6 55. Ne7+ Kf6 56. Nc6 Bc7 57. Nb4 Kg6 58. Nd5 Bb8 59.
Nc3 Bc7 60. Ne2 Bb8 61. Ke3 Kh5 62. Kf3 Kg6 63. Nd4 Be5 64. Ne6 Kh5 65. Nf4+
Kh6 66. Nd3 Bb8 67. Nc5 Kg6 68. Ne6 Kf6 69. Nf4 Kg7 70. Ke3 Ba7+ 1/2-1/2

[Event "Lichtenberger Sommer 2018"]
[Site "?"]
[Date "2018.08.23"]
[Round "6.72"]
[White "Schmalzried, Volker"]
[Black "Engelhardt, Erhard"]
[Result "1-0"]
[WhiteElo "1807"]
[BlackElo "1769"]
[PlyCount "55"]
[EventDate "2018.??.??"]
[WhiteTeam "vereinslos"]
[BlackTeam "SSV Rotation Berlin"]

1. c4 e6 2. Nc3 f5 3. d4 d5 4. cxd5 exd5 5. Nf3 c6 6. Bf4 Nf6 7. e3 Be7 8. Bd3
O-O 9. O-O Ne4 10. a3 Nd7 11. Ne5 Qe8 12. Nxd7 Bxd7 13. Bxe4 fxe4 14. Qb3 Kh8
15. Qxb7 Qc8 16. Qxc8 Raxc8 17. b4 h6 18. Be5 Kg8 19. Na4 Ra8 20. Rac1 Rfc8 21.
Nc5 Be8 22. f3 exf3 23. Rxf3 a5 24. Ne6 axb4 25. axb4 g6 26. Nc7 Ra4 27. Nxe8
Rxe8 28. Rxc6 1-0

[Event "Lichtenberger Sommer 2018"]
[Site "?"]
[Date "2018.08.23"]
[Round "6.73"]
[White "Schubert, Joachim"]
[Black "Ollek, Karl-Heinz"]
[Result "1/2-1/2"]
[WhiteElo "1845"]
[BlackElo "1681"]
[PlyCount "122"]
[EventDate "2018.??.??"]
[WhiteTeam "SC Friesen Lichtenberg"]
[BlackTeam "SC Friesen Lichtenberg"]

1. e4 e5 2. Nf3 Nc6 3. Bb5 a6 4. Ba4 b5 5. Bb3 Bc5 6. O-O Nf6 7. Nxe5 O-O 8.
Nxc6 dxc6 9. d3 h6 10. h3 a5 11. c3 Bb6 12. Bf4 c5 13. Qe2 Re8 14. Nd2 a4 15.
Bc2 Bb7 16. Rad1 b4 17. Nc4 Nd5 18. Qd2 Nxf4 19. Qxf4 Re6 20. e5 Qe7 21. d4 Qg5
22. Qxg5 hxg5 23. Bf5 Ree8 24. Rfe1 Rad8 25. Nxb6 cxb6 26. Be4 Bd5 27. Bb1 b3
28. a3 g6 29. Bd3 c4 30. Be4 Kg7 31. g3 Kh6 32. Bxd5 Rxd5 33. Re3 Kg7 34. Rde1
Re6 35. Kg2 Kf8 36. Kf3 f5 37. exf6 Rxf6+ 38. Kg2 Rdf5 39. Re8+ Kg7 40. R1e7+
Rf7 41. Rxf7+ Kxf7 42. Rc8 Ke6 43. f3 Kd5 44. Re8 b5 45. g4 Rf6 46. Re5+ Kc6
47. Rc5+ Kb6 48. Rxg5 b4 49. Re5 bxa3 50. bxa3 b2 51. Re1 Kc7 52. Rb1 Rb6 53.
Kf2 Rb3 54. Ke2 Rxa3 55. Rxb2 Rxc3 56. Rb4 a3 57. Ra4 Kb6 58. h4 Kb5 59. Ra8
Kb4 60. h5 gxh5 61. gxh5 Rc2+ 1/2-1/2